Statistics for Name that AFL Footballer #1

Click here to take the quiz!

General Stats

  • This quiz has been taken 890 times
  • The average score is 12 of 15

Answer Stats

Answer% Correct
Dustin Martin
98%
Lance Franklin
98%
Eddie Betts
96%
Gary Ablett
96%
Tom Mitchell
93%
Mason Cox
87%
Dyson Heppell
84%
Jonathan Brown
82%
Matthew Pavlich
81%
Luke Parker
79%
Jack Macrae
76%
Tom Scully
67%
Kade Simpson
59%
Bernie Vince
50%
Conor Glass
27%

Score Distribution

Percentile by Number Answered

Percent of People with Each Score

Your Score History

You have not taken this quiz